000 00697nam a2200181Ia 4500
008 151202s9999||||xx |||||||||||||| ||und||
082 _bPNVM-49253
100 _aसाने हेमा.
245 _aबुद्ध परंपरा आणि बोधिवृक्ष.
260 _b"ग्रंथाली प्रकाशन दादर,मुंबई."
260 _c3 2013
300 _a133
600 _aसाने हेमा.
630 _aबुद्ध परंपरा आणि बोधिवृक्ष.
700 _aसाने हेमा.
730 _aबुद्ध परंपरा आणि बोधिवृक्ष.
942 _cBOOK
999 _c1315150
_d1315147